Statistics for Interstate I-20 Cities

Click here to take the quiz!

General Stats

  • This quiz has been taken 87 times
    (86 since last reset)
  • The average score is 13 of 16

Answer Stats

State% Correct
Atlanta
99%
Dallas
94%
Jackson
94%
Birmingham
92%
Louisiana
92%
Georgia
91%
MIssissippi
91%
South Carolina
91%
Alabama
90%
Texas
90%
Columbia
86%
Fort Worth
81%
Augusta
73%
Shreveport
71%
Arlington
57%
Grand Prairie
44%

Score Distribution

Percentile by Number Answered

Percent of People with Each Score

Your Score History

You have not taken this quiz since the last reset